<?xml version="1.0" encoding="UTF-8"?>
<record
    xmlns:xsi="http://www.w3.org/2001/XMLSchema-instance"
    xsi:schemaLocation="http://www.loc.gov/MARC21/slim http://www.loc.gov/standards/marcxml/schema/MARC21slim.xsd"
    xmlns="http://www.loc.gov/MARC21/slim">

  <leader>00413nam a22001577a 4500</leader>
  <datafield tag="999" ind1=" " ind2=" ">
    <subfield code="c">3447</subfield>
    <subfield code="d">3447</subfield>
  </datafield>
  <controlfield tag="008">200615b           ||||| |||| 00| 0 eng d</controlfield>
  <datafield tag="020" ind1=" " ind2=" ">
    <subfield code="a">81-219-2594-0</subfield>
  </datafield>
  <datafield tag="082" ind1="0" ind2="0">
    <subfield code="a">620.112</subfield>
    <subfield code="b">R1619</subfield>
  </datafield>
  <datafield tag="100" ind1=" " ind2=" ">
    <subfield code="9">2063</subfield>
    <subfield code="a">Rajput, R.K.</subfield>
  </datafield>
  <datafield tag="245" ind1="1" ind2="0">
    <subfield code="a">Strength of materials /</subfield>
  </datafield>
  <datafield tag="250" ind1=" " ind2=" ">
    <subfield code="a">5th rev. ed.</subfield>
  </datafield>
  <datafield tag="260" ind1=" " ind2=" ">
    <subfield code="a">New Delhi :</subfield>
    <subfield code="b">S Chand,</subfield>
    <subfield code="c">2013.</subfield>
  </datafield>
  <datafield tag="300" ind1=" " ind2=" ">
    <subfield code="a">1448 p.</subfield>
  </datafield>
  <datafield tag="650" ind1=" " ind2="0">
    <subfield code="a">Strength of Materials</subfield>
  </datafield>
  <datafield tag="942" ind1=" " ind2=" ">
    <subfield code="c">BK</subfield>
  </datafield>
  <datafield tag="952" ind1=" " ind2=" ">
    <subfield code="0">0</subfield>
    <subfield code="1">0</subfield>
    <subfield code="2">ddc</subfield>
    <subfield code="4">0</subfield>
    <subfield code="6">620_112000000000000_R1619</subfield>
    <subfield code="7">0</subfield>
    <subfield code="9">9350</subfield>
    <subfield code="a">CL</subfield>
    <subfield code="b">CL</subfield>
    <subfield code="d">2013-12-20</subfield>
    <subfield code="e">Shroff Publishers and Distributors</subfield>
    <subfield code="l">1</subfield>
    <subfield code="o">620.112 R1619</subfield>
    <subfield code="p">11752</subfield>
    <subfield code="q">2023-10-03</subfield>
    <subfield code="r">2023-04-06</subfield>
    <subfield code="s">2023-04-06</subfield>
    <subfield code="v">750.00</subfield>
    <subfield code="y">BK</subfield>
  </datafield>
  <datafield tag="952" ind1=" " ind2=" ">
    <subfield code="0">0</subfield>
    <subfield code="1">0</subfield>
    <subfield code="2">ddc</subfield>
    <subfield code="4">0</subfield>
    <subfield code="6">620_112000000000000_R1619</subfield>
    <subfield code="7">0</subfield>
    <subfield code="9">9351</subfield>
    <subfield code="a">CL</subfield>
    <subfield code="b">CL</subfield>
    <subfield code="d">2013-12-20</subfield>
    <subfield code="e">Shroff Publishers and Distributors</subfield>
    <subfield code="l">6</subfield>
    <subfield code="o">620.112 R1619</subfield>
    <subfield code="p">11753</subfield>
    <subfield code="r">2024-05-15</subfield>
    <subfield code="s">2024-05-01</subfield>
    <subfield code="v">750.00</subfield>
    <subfield code="y">BK</subfield>
  </datafield>
  <datafield tag="952" ind1=" " ind2=" ">
    <subfield code="0">0</subfield>
    <subfield code="1">0</subfield>
    <subfield code="2">ddc</subfield>
    <subfield code="4">0</subfield>
    <subfield code="6">620_112000000000000_R1619</subfield>
    <subfield code="7">0</subfield>
    <subfield code="9">9352</subfield>
    <subfield code="a">CL</subfield>
    <subfield code="b">CL</subfield>
    <subfield code="d">2013-12-20</subfield>
    <subfield code="e">Shroff Publishers and Distributors</subfield>
    <subfield code="l">3</subfield>
    <subfield code="o">620.112 R1619</subfield>
    <subfield code="p">11754</subfield>
    <subfield code="r">2024-05-30</subfield>
    <subfield code="s">2024-05-20</subfield>
    <subfield code="v">750.00</subfield>
    <subfield code="y">BK</subfield>
  </datafield>
  <datafield tag="952" ind1=" " ind2=" ">
    <subfield code="0">0</subfield>
    <subfield code="1">0</subfield>
    <subfield code="2">ddc</subfield>
    <subfield code="4">0</subfield>
    <subfield code="6">620_112000000000000_R1619</subfield>
    <subfield code="7">0</subfield>
    <subfield code="9">9353</subfield>
    <subfield code="a">CL</subfield>
    <subfield code="b">CL</subfield>
    <subfield code="d">2013-12-20</subfield>
    <subfield code="e">Shroff Publishers and Distributors</subfield>
    <subfield code="l">5</subfield>
    <subfield code="m">2</subfield>
    <subfield code="o">620.112 R1619</subfield>
    <subfield code="p">11755</subfield>
    <subfield code="r">2024-12-24</subfield>
    <subfield code="s">2024-08-05</subfield>
    <subfield code="v">750.00</subfield>
    <subfield code="y">BK</subfield>
  </datafield>
  <datafield tag="952" ind1=" " ind2=" ">
    <subfield code="0">0</subfield>
    <subfield code="1">0</subfield>
    <subfield code="2">ddc</subfield>
    <subfield code="4">0</subfield>
    <subfield code="6">620_112000000000000_R1619</subfield>
    <subfield code="7">0</subfield>
    <subfield code="9">9354</subfield>
    <subfield code="a">CL</subfield>
    <subfield code="b">CL</subfield>
    <subfield code="d">2013-12-20</subfield>
    <subfield code="e">Shroff Publishers and Distributors</subfield>
    <subfield code="l">7</subfield>
    <subfield code="m">1</subfield>
    <subfield code="o">620.112 R1619</subfield>
    <subfield code="p">11756</subfield>
    <subfield code="r">2025-12-03</subfield>
    <subfield code="s">2025-11-22</subfield>
    <subfield code="v">750.00</subfield>
    <subfield code="y">BK</subfield>
  </datafield>
  <datafield tag="952" ind1=" " ind2=" ">
    <subfield code="0">0</subfield>
    <subfield code="1">0</subfield>
    <subfield code="2">ddc</subfield>
    <subfield code="4">0</subfield>
    <subfield code="6">620_112000000000000_R1619</subfield>
    <subfield code="7">0</subfield>
    <subfield code="9">9355</subfield>
    <subfield code="a">CL</subfield>
    <subfield code="b">CL</subfield>
    <subfield code="d">2013-12-20</subfield>
    <subfield code="e">Shroff Publishers and Distributors</subfield>
    <subfield code="l">4</subfield>
    <subfield code="m">2</subfield>
    <subfield code="o">620.112 R1619</subfield>
    <subfield code="p">11757</subfield>
    <subfield code="r">2024-06-04</subfield>
    <subfield code="s">2024-05-24</subfield>
    <subfield code="v">750.00</subfield>
    <subfield code="y">BK</subfield>
  </datafield>
  <datafield tag="952" ind1=" " ind2=" ">
    <subfield code="0">0</subfield>
    <subfield code="1">0</subfield>
    <subfield code="2">ddc</subfield>
    <subfield code="4">0</subfield>
    <subfield code="6">620_112000000000000_R1619</subfield>
    <subfield code="7">0</subfield>
    <subfield code="9">9356</subfield>
    <subfield code="a">CL</subfield>
    <subfield code="b">CL</subfield>
    <subfield code="d">2013-12-20</subfield>
    <subfield code="e">Shroff Publishers and Distributors</subfield>
    <subfield code="l">2</subfield>
    <subfield code="m">1</subfield>
    <subfield code="o">620.112 R1619</subfield>
    <subfield code="p">11758</subfield>
    <subfield code="r">2025-05-31</subfield>
    <subfield code="s">2025-05-27</subfield>
    <subfield code="v">750.00</subfield>
    <subfield code="y">BK</subfield>
  </datafield>
  <datafield tag="952" ind1=" " ind2=" ">
    <subfield code="0">0</subfield>
    <subfield code="1">0</subfield>
    <subfield code="2">ddc</subfield>
    <subfield code="4">0</subfield>
    <subfield code="6">620_112000000000000_R1619</subfield>
    <subfield code="7">0</subfield>
    <subfield code="9">9357</subfield>
    <subfield code="a">CL</subfield>
    <subfield code="b">CL</subfield>
    <subfield code="d">2013-12-20</subfield>
    <subfield code="e">Shroff Publishers and Distributors</subfield>
    <subfield code="l">6</subfield>
    <subfield code="m">3</subfield>
    <subfield code="o">620.112 R1619</subfield>
    <subfield code="p">11759</subfield>
    <subfield code="r">2026-04-02</subfield>
    <subfield code="s">2026-02-25</subfield>
    <subfield code="v">750.00</subfield>
    <subfield code="y">BK</subfield>
  </datafield>
  <datafield tag="952" ind1=" " ind2=" ">
    <subfield code="0">0</subfield>
    <subfield code="1">0</subfield>
    <subfield code="2">ddc</subfield>
    <subfield code="4">0</subfield>
    <subfield code="6">620_112000000000000_R1619</subfield>
    <subfield code="7">0</subfield>
    <subfield code="9">9358</subfield>
    <subfield code="a">CL</subfield>
    <subfield code="b">CL</subfield>
    <subfield code="d">2013-12-20</subfield>
    <subfield code="e">Shroff Publishers and Distributors</subfield>
    <subfield code="l">2</subfield>
    <subfield code="o">620.112 R1619</subfield>
    <subfield code="p">11760</subfield>
    <subfield code="r">2024-05-27</subfield>
    <subfield code="s">2024-05-10</subfield>
    <subfield code="v">750.00</subfield>
    <subfield code="y">BK</subfield>
  </datafield>
  <datafield tag="952" ind1=" " ind2=" ">
    <subfield code="0">0</subfield>
    <subfield code="1">0</subfield>
    <subfield code="2">ddc</subfield>
    <subfield code="4">0</subfield>
    <subfield code="6">620_112000000000000_R1619</subfield>
    <subfield code="7">0</subfield>
    <subfield code="9">9359</subfield>
    <subfield code="a">CL</subfield>
    <subfield code="b">CL</subfield>
    <subfield code="d">2013-12-20</subfield>
    <subfield code="e">Shroff Publishers and Distributors</subfield>
    <subfield code="l">1</subfield>
    <subfield code="o">620.112 R1619</subfield>
    <subfield code="p">11761</subfield>
    <subfield code="q">2024-12-07</subfield>
    <subfield code="r">2024-11-22</subfield>
    <subfield code="s">2024-11-22</subfield>
    <subfield code="v">750.00</subfield>
    <subfield code="y">BK</subfield>
  </datafield>
</record>
